| 000 | 00717nam a2200229Ia 4500 | ||
|---|---|---|---|
| 005 | 20250508170009.0 | ||
| 008 | 008 250505s9999 xx 000 0 eng d | ||
| 020 | _a978-1-108-73374-8 | ||
| 037 | _aReference | ||
| 040 |
_aFEDL _beng _cFEDL |
||
| 041 |
_aeng _2eng |
||
| 084 |
_a418, HER/RR _qFEDL |
||
| 100 |
_aHerschensohn Julia Ed. _9582680 |
||
| 245 | 0 | _aCambridge handbook of second language acquisition | |
| 260 |
_aCambridge _bCambridge University Press _c2013 |
||
| 300 | _axiv, 823p. | ||
| 365 |
_aGBP _b34.99 |
||
| 490 | _aCombridge Handbooks in Language and linguistics | ||
| 700 |
_a Young- Scholten Martha Ed. _9782641 |
||
| 942 |
_cREF _h418, HER/RR |
||
| 999 |
_c1398592 _d1398592 |
||